| 000 | 00741nam a2200169 a 4500 | ||
|---|---|---|---|
| 008 | 140922s2000 ||||||||||||||||| || u | ||
| 020 | _a0521662494 | ||
| 050 | _a658.408 PRA | ||
| 100 | _aPrakash, Aseem | ||
| 245 | 1 | 0 |
_aGreening the firm: the politics of corporate environmentalism _cby Aseem Prakash |
| 260 |
_aCambridge _bCambridege University Press _c2000 |
||
| 300 | _axiv,181p.:ill | ||
| 650 | _aINDUSTRIAL MANAGEMENT--ENVIRONMENTAL ASPECTS CASE STUDIES | ||
| 650 | _aINTERNATIONAL BUSINESS ENTERPRISES--ENVIRONMENTAL ASPECTS CASE STUDIES | ||
| 650 | _aENVIRONMENTAL POLICY--CASE STUDIES | ||
| 995 |
_aAMERICAN CORNER _e0106586 _FCBU-DAG HAMMARSKJOLD INSTITUTE LIBRARY _j658.408 PRA _M1 _UAVAILABLE _WSep 22, 2014 _y0106586 _ZAmerican Collection |
||
| 999 |
_c271 _d271 |
||